Lengua y literatura : 1º/2º prácticas del lenguaje /

Guardado en:
Autor Principal: Nair Vitali, Noelia
Formato: Libro
Publicado: Buenos Aires : Sm, 2014
Series:Proyecto Nodos
Materias:
Etiquetas: Agregar Etiqueta
Sin Etiquetas, Sea el primero en etiquetar este registro!
LEADER 01114nam a22002175a 4500
001 CEM.cems014566
005 20150330181938.0
008 130507s2014##################000#0#####d
003 CEMS
020 |a 9789877310139 
082 0 4 |a 468 
100 1 |a Nair Vitali, Noelia 
245 1 0 |a Lengua y literatura :  |b 1º/2º prácticas del lenguaje /  |c Noelia Nair Vitali ... y Otros 
260 |a Buenos Aires :  |b Sm,  |c 2014 
300 |a 272 p. 
490 0 |a Proyecto Nodos 
505 0 |a La literatura y los ámbitos de estudio literario y el lenguaje -- Ficción y realidad : las tramas discursivas -- Cuentos tradicionales : voces que narran -- Realismo y literatura : así vemos el mundo -- La poesía : juegos de lenguaje -- El teatro : textos vivos -- La novela de aprendizaje : leer y cambiar -- El cuento fantástico : aquello que inquieta -- La ciencia ficción : imaginación y futuro -- La participación ciudadana -- El uso y reflexión sobre el lenguaje 
653 |a Lengua 
653 |a Literatura 
653 |a Prácticas del lenguaje 
859 |a CEMS  |b BIB. CEMS - 11 de abril  |h 468  |i N143  |p 27131.15  |t Ej.1  |v 1º/2º  |3 1º/2º